| 000 | 01055nam a22002415a 4500 | ||
|---|---|---|---|
| 003 | OSt | ||
| 005 | 20170216133203.0 | ||
| 008 | 170215s2010 ua frb 000 0 eng d | ||
| 015 | _a2010 / 2193 | ||
| 020 | _a9789770463506 | ||
| 040 |
_aEG-ScBUE _bara _cEG-ScBUE |
||
| 082 | 0 | 4 |
_a345.01 _bع ب د _222 |
| 100 | 1 | _aعبد الحميد، عبد الحميد محمد. | |
| 245 | 1 | 2 |
_aالمحكمة الجنائية الدولية : _bدراسة لتطور نظام القضاء الدولي الجنائي والنظام الأساسي للمحكمة في ضوء القانون الدولي المعاصر / _cعبد الحميد محمد عبد الحميد. |
| 250 | _aط. 1. | ||
| 260 |
_aالقاهرة : _bدار النهضة العربية، _c2010. |
||
| 300 |
_a834 ص. ؛ _c24 سم. |
||
| 504 | _aيشتمل على إرجاعات ببليوجرافية. | ||
| 650 | 7 |
_aالمحكمة الجنائية الدولية. _2BUEsh |
|
| 651 | 7 |
_2BUEsh _aالقانون الدولي الجنائي. |
|
| 653 |
_bLLAAWW _cFebruary2017 |
||
| 942 | _2ddc | ||
| 999 |
_c24178 _d24150 |
||